Undertaker's Wrestlemania Opponents - Multiple Choice - Statistics

General Stats
  • This quiz has been taken 95 times
  • The average score is 23 of 27
Answer Stats
Question Answer % Correct
WrestleMania 36 Opponent (2020) AJ Styles
96%
WrestleMania XXVII Opponent (2011) Triple H
94%
WrestleMania 31 Opponent (2015) Bray Wyatt
92%
WrestleMania XXX Opponent (2014) Brock Lesnar
91%
WrestleMania 29 Opponent (2013) CM Punk
91%
WrestleMania 33 Opponent (2017) Roman Reigns
91%
WrestleMania 34 Opponent (2018) John Cena
90%
WrestleMania 21 Opponent (2005) Randy Orton
90%
WrestleMania XXV Opponent (2009) Shawn Michaels
90%
WrestleMania XXVI Opponent (2010) Shawn Michaels
90%
WrestleMania XXVIII Opponent (2012) Triple H
88%
WrestleMania 23 Opponent (2007) Batista
86%
Wrestlemania IX Opponent (1993) Giant González
86%
WrestleMania 32 Opponent (2016) Shane McMahon
86%
WrestleMania XXIV Opponent (2008) Edge
83%
WrestleMania 13 Opponent (1997) Sycho Sid
83%
WrestleMania 22 Opponent (2006) Mark Henry
82%
WrestleMania X8 Opponent (2002) Ric Flair
82%
WrestleMania XIX Opponents (2003) A-Train & Big Show
81%
Wrestlemania VIII Opponent (1992) Jake "The Snake" Roberts
81%
Wrestlemania VII Opponent (1991) Jimmy Snuka
79%
WrestleMania XIV Opponent (1998) Kane
79%
Wrestlemania XI Opponent (1995) King Kong Bundy
78%
WrestleMania XV Opponent (1999) Big Boss Man
77%
Wrestlemania XII Opponent (1996) Diesel
77%
WrestleMania XX Opponents (2004) Kane
74%
WrestleMania X-Seven Opponent (2001) Triple H
73%
No matching quizzes found
Score Distribution
Percent of People with Each Score
Percentile by Number Answered
Your Score History
You have not taken this quiz